书目信息 |
| 题名: |
寻找新药中的组合化学
|
|
| 作者: | 萧晓毅 , 刘刚 著 | |
| 分册: | ||
| 出版信息: | 北京 科学出版社 2003 |
|
| 页数: | ||
| 开本: | 26cm | |
| 丛书名: | ||
| 单 册: | ||
| 中图分类: | R914.5 | |
| 科图分类: | ||
| 主题词: | 药物学:基础理论 | |
| 电子资源: | ||
| ISBN: | 7-03-011230-X | |
| 000 | 00584nam0 2200193 450 | |
| 001 | 0754114953 | |
| 005 | 20070929150154.95 | |
| 010 | @a7-03-011230-X | |
| 100 | @a20070929d km y0chiy0120 ea | |
| 101 | 0 | @achi |
| 200 | 1 | @a寻找新药中的组合化学@Axun zhao xin yao zhong de zu he hua xue@f刘刚,萧晓毅 等著@Fliu gang,xiao xiao yi deng zhu |
| 210 | @a北京@c科学出版社@d2003 | |
| 215 | @c插图@d26cm | |
| 606 | 0 | @a药物学:基础理论 |
| 690 | @aR914.5@v3 | |
| 701 | 0 | @a萧晓毅@Axiao xiao yi@4著 |
| 701 | 0 | @a刘刚@Aliu gang@4著 |
| 801 | 0 | @aCN@bPFT@c20070929 |
| 905 | @a213230@dR914.5@eh51@f1 | |
| 寻找新药中的组合化学/刘刚,萧晓毅 等著.-北京:科学出版社,2003 |
| 插图;26cm |
| ISBN 7-03-011230-X: |
| ● |
| 相关链接 |
|
|
|
|
正题名:寻找新药中的组合化学
索取号:R914.5/h51
 
预约/预借
| 序号 | 登录号 | 条形码 | 馆藏地/架位号 | 状态 | 备注 |
| 1 | 6002581 | 260025813 | 密集书库-化学系/ [索取号:R914.5/h51] | 在馆 |